[Event "Plzen, FSB B"]
[Site "?"]
[Date "2004.??.??"]
[Round "2.10"]
[White "Krlis, J."]
[Black "Kuca, T."]
[Result "1-0"]
[WhiteElo "1519"]
[BlackElo "1250"]
[PlyCount "77"]
[EventDate "2004.??.??"]
[Source "ChessBase"]
[SourceDate "1996.11.15"]

1. e4 e5 2. Nf3 Nc6 3. d4 exd4 4. Nxd4 Nxd4 5. Qxd4 c6 6. Bc4 b6 7. Nc3 Bb7 8.
Bf4 Qf6 9. Be5 c5 10. Bxf6 cxd4 11. Bxd4 Nf6 12. Bxf6 gxf6 13. Bd5 Bxd5 14.
Nxd5 Kd8 15. Nxf6 Bg7 16. e5 Rc8 17. O-O-O Bh6+ 18. Kb1 Rc7 19. Rd3 Bg7 20. Re1
Bxf6 21. exf6 Rg8 22. g3 Rg6 23. Rf3 Rc6 24. Kc1 Rg5 25. Re7 Rgc5 26. c3 Rd6
27. Rxf7 Re5 28. Rg7 Re2 29. f7 Rdd2 30. f8=Q+ Kc7 31. Qf4+ Kc8 32. Qxd2 Rxd2
33. Kxd2 Kb7 34. Rxd7+ Ka6 35. c4 Ka5 36. Rb3 a6 37. Kc3 b5 38. Rb7 h5 39. Ra3#
1-0

[Event "Plzen, FSB B"]
[Site "?"]
[Date "2004.??.??"]
[Round "2.11"]
[White "Posmurny, O."]
[Black "Simecek, J."]
[Result "1-0"]
[WhiteElo "1250"]
[BlackElo "1100"]
[PlyCount "57"]
[EventDate "2004.??.??"]
[Source "ChessBase"]
[SourceDate "1996.11.15"]

1. g4 e5 2. d4 Nc6 3. dxe5 Nxe5 4. Qd4 Nc6 5. Qa4 d6 6. Bg2 Bd7 7. c3 a6 8. h3
b5 9. Qc2 Rb8 10. a3 Ne5 11. Nd2 Be6 12. Ngf3 Nc4 13. Nd4 Ne7 14. Nxc4 bxc4 15.
Nxe6 fxe6 16. Qe4 d5 17. Qxe6 Rb6 18. Qe5 c6 19. Qe6 h6 20. O-O Qd7 21. Qxd7+
Kxd7 22. e4 Kd6 23. Bf4+ Ke6 24. Rfe1 Kf7 25. Rad1 Ng6 26. Bg3 Ne7 27. exd5
cxd5 28. Bxd5+ Nxd5 29. Rxd5 1-0

[Event "Plzen, FSB B"]
[Site "?"]
[Date "2004.??.??"]
[Round "2.12"]
[White "Karbusicky, O."]
[Black "Iwanow, A."]
[Result "0-1"]
[WhiteElo "1258"]
[BlackElo "1800"]
[PlyCount "44"]
[EventDate "2004.??.??"]
[Source "ChessBase"]
[SourceDate "1996.11.15"]

1. e4 e5 2. Nf3 Nc6 3. Bc4 Nf6 4. d3 Bc5 5. Nc3 d6 6. Bg5 h6 7. Bh4 Bg4 8. h3
Be6 9. Bd5 Qd7 10. Na4 Nxd5 11. Nxc5 dxc5 12. exd5 Bxd5 13. c4 Be6 14. Bg3 f6
15. Nd2 Qxd3 16. b3 O-O-O 17. Qe2 Qxe2+ 18. Kxe2 Nd4+ 19. Kd1 b6 20. f3 Rd7 21.
Bf2 Rhd8 22. Re1 Nxf3 0-1

[Event "Plzen, FSB B"]
[Site "?"]
[Date "2004.??.??"]
[Round "2.13"]
[White "Reitinger, J."]
[Black "Nebehaj, O."]
[Result "1-0"]
[WhiteElo "1707"]
[BlackElo "1250"]
[PlyCount "117"]
[EventDate "2004.??.??"]
[Source "ChessBase"]
[SourceDate "1996.11.15"]

1. e4 e5 2. Nf3 Nc6 3. Bb5 a6 4. Bxc6 dxc6 5. O-O Bg4 6. h3 Bxf3 7. Qxf3 Nf6 8.
d3 h6 9. Be3 Bd6 10. Nd2 O-O 11. Qg3 Nh5 12. Qg4 Nf6 13. Qe2 Qe7 14. d4 Rfe8
15. Rfe1 Rad8 16. Kf1 b5 17. c4 Bb4 18. cxb5 cxb5 19. d5 Nxe4 20. Nxe4 Bxe1 21.
Rxe1 Rxd5 22. Qg4 Qe6 23. Qg3 f5 24. Nc3 Rd7 25. Qf3 Rd3 26. Qe2 Red8 27. Bf4
e4 28. Bxc7 Rd2 29. Bxd8 Rxe2 30. Rxe2 b4 31. Nxe4 fxe4 32. b3 Qd5 33. Be7 a5
34. Ke1 Qd3 35. Rd2 Qc3 36. Ke2 Qc6 37. Ke3 Kh7 38. Rd4 Qc2 39. Rd2 Qc1 40. Bd8
Qe1+ 41. Re2 Qd1 42. Rd2 Qf1 43. Bxa5 Qxg2 44. Bxb4 Qxh3+ 45. Kxe4 Qg4+ 46. f4
h5 47. Bd6 h4 48. b4 h3 49. b5 Qg2+ 50. Rxg2 hxg2 51. Bc5 Kh6 52. Kf3 g6 53. b6
Kh5 54. b7 Kh4 55. Kxg2 Kg4 56. b8=Q Kh5 57. Qe5+ Kh6 58. Bf8+ Kh7 59. Qg7# 1-0

[Event "Plzen, FSB B"]
[Site "?"]
[Date "2004.??.??"]
[Round "2.14"]
[White "Pokorny, J."]
[Black "Krizek, M."]
[Result "1-0"]
[WhiteElo "1499"]
[BlackElo "1100"]
[PlyCount "67"]
[EventDate "2004.??.??"]
[Source "ChessBase"]
[SourceDate "1996.11.15"]

1. e4 c5 2. Nf3 d6 3. d4 cxd4 4. Nxd4 Nf6 5. Nc3 g6 6. Be3 Bg7 7. f3 a6 8. Qd2
Nc6 9. O-O-O Be6 10. Bh6 Bxh6 11. Qxh6 Qa5 12. Nxe6 fxe6 13. Bc4 Nd4 14. Qe3 b5
15. Rxd4 bxc4 16. e5 dxe5 17. Rxc4 O-O 18. Rc5 Qb6 19. Rxe5 Qxe3+ 20. Rxe3 Kf7
21. Rhe1 Rfd8 22. Rxe6 Rd7 23. R6e2 Rad8 24. Rd1 Rxd1+ 25. Nxd1 Nh5 26. Rd2 Rf8
27. Rd4 e5 28. Rd7+ Ke6 29. Rxh7 Rd8 30. Nc3 Nf4 31. g3 Ng2 32. Ra7 Rd6 33. Ne4
Rc6 34. Rxa6 1-0

[Event "Plzen, FSB B"]
[Site "?"]
[Date "2004.??.??"]
[Round "2.15"]
[White "Kucera, M."]
[Black "Cisler, M."]
[Result "0-1"]
[WhiteElo "1100"]
[BlackElo "1485"]
[PlyCount "52"]
[EventDate "2004.??.??"]
[Source "ChessBase"]
[SourceDate "1996.11.15"]

1. e4 e5 2. Nf3 Nc6 3. Bc4 Bc5 4. c3 Nf6 5. d4 exd4 6. cxd4 Bb4+ 7. Nc3 Nxe4 8.
O-O Bxc3 9. d5 Bf6 10. Re1 Ne7 11. Rxe4 d6 12. Bg5 Bxg5 13. Nxg5 O-O 14. Nxh7
Kxh7 15. Qh5+ Kg8 16. Rh4 f5 17. Qh7+ Kf7 18. Qh5+ Ng6 19. Rh3 Rh8 20. Qf3 Rxh3
21. gxh3 Qg5+ 22. Kh1 Ne5 23. Qc3 Nxc4 24. Qxc4 Qe7 25. Rg1 Qe4+ 26. Qxe4 fxe4
{41 tahu} 0-1

[Event "Plzen, FSB B"]
[Site "?"]
[Date "2004.??.??"]
[Round "2.16"]
[White "Hrouza, M."]
[Black "Steinhauser, V."]
[Result "1-0"]
[WhiteElo "1419"]
[BlackElo "1100"]
[PlyCount "51"]
[EventDate "2004.??.??"]
[Source "ChessBase"]
[SourceDate "1996.11.15"]

1. e4 d5 2. exd5 Nf6 3. d4 e6 4. Nf3 exd5 5. c4 dxc4 6. Bxc4 Bb4+ 7. Nc3 Bxc3+
8. bxc3 O-O 9. O-O Qd6 10. h3 Nc6 11. a4 Bd7 12. Ba3 Qf4 13. Bxf8 Rxf8 14. Rb1
Qe4 15. Re1 Qg6 16. Rxb7 Bxh3 17. g3 Qg4 18. Nh2 Qf5 19. Qf3 Qg6 20. Qxc6 Bg4
21. Qxc7 Qh5 22. Rb8 h6 23. Rxf8+ Kh7 24. Nxg4 Nxg4 25. Bd3+ g6 26. Qxf7# 1-0

[Event "Plzen, FSB B"]
[Site "?"]
[Date "2004.??.??"]
[Round "2.17"]
[White "Lorenc, D."]
[Black "Uzel, J."]
[Result "0-1"]
[WhiteElo "1100"]
[BlackElo "1408"]
[PlyCount "42"]
[EventDate "2004.??.??"]
[Source "ChessBase"]
[SourceDate "1996.11.15"]

1. e4 e6 2. Nc3 d5 3. exd5 exd5 4. Nf3 d4 5. Nb5 Nc6 6. Bc4 a6 7. O-O axb5 8.
Bb3 Qf6 9. Re1+ Be7 10. d3 Bg4 11. Bd5 Rd8 12. Bxc6+ Qxc6 13. b3 Bxf3 14. Qxf3
Qxf3 15. gxf3 Nf6 16. Ba3 Rd7 17. Rac1 Kd8 18. Bb2 c5 19. c4 dxc3 20. Rxc3 b4
21. Rxc5 Bxc5 {43 tahu} 0-1

[Event "Plzen, FSB B"]
[Site "?"]
[Date "2004.??.??"]
[Round "2.19"]
[White "Steinhauserova, A."]
[Black "Kracikova, K."]
[Result "0-1"]
[WhiteElo "1100"]
[BlackElo "1374"]
[PlyCount "70"]
[EventDate "2004.??.??"]
[Source "ChessBase"]
[SourceDate "1996.11.15"]

1. e4 e5 2. d4 c6 3. dxe5 Qa5+ 4. Nc3 Qxe5 5. Nf3 Qe6 6. Be3 Bb4 7. Qd2 f6 8.
Bd3 Ne7 9. O-O O-O 10. a3 Bxc3 11. Qxc3 Kh8 12. Rfe1 d5 13. exd5 Qd7 14. dxc6
Nbxc6 15. Rad1 Qc7 16. Qc5 Bg4 17. Be2 Nf5 18. h3 Bxf3 19. Bxf3 Nh4 20. Be4 f5
21. Bd3 Qf7 22. Bc4 Qg6 23. Bd5 f4 24. Bc1 h6 25. Re6 Qh5 26. Rde1 Nxg2 27.
Kxg2 f3+ 28. Kh2 Rad8 29. c4 Rc8 30. Qe3 Na5 31. Qxa7 Nxc4 32. Bxc4 Rxc4 33.
R6e4 Qg6 34. Rg4 Rxg4 35. hxg4 Qxg4 0-1

[Event "Plzen, FSB B"]
[Site "?"]
[Date "2004.??.??"]
[Round "3.1"]
[White "Kubat, M."]
[Black "Oresky, J."]
[Result "1/2-1/2"]
[WhiteElo "1746"]
[BlackElo "1582"]
[PlyCount "57"]
[EventDate "2004.??.??"]
[Source "ChessBase"]
[SourceDate "1996.11.15"]

1. e4 c5 2. Nc3 d6 3. f4 Nc6 4. Nf3 g6 5. g3 Bg7 6. Bg2 Nf6 7. O-O O-O 8. d3 a6
9. Rb1 Qc7 10. Bd2 Bg4 11. h3 Bxf3 12. Bxf3 e5 13. f5 Nd4 14. Bg2 b5 15. Bg5 h6
16. Bxf6 Bxf6 17. Nd5 Qd8 18. c3 Nc6 19. Rf2 Kh7 20. Qe2 g5 21. Bf3 Bg7 22. f6
Bxf6 23. Bh5 Bg7 24. Rxf7 Rxf7 25. Bxf7 Ra7 26. Qh5 Ne7 27. Nxe7 Rxe7 28. Rf1
Rc7 29. Qg6+ 1/2-1/2

[Event "Plzen, FSB B"]
[Site "?"]
[Date "2004.??.??"]
[Round "3.2"]
[White "Havlikova, K."]
[Black "Pospisil, A."]
[Result "1-0"]
[WhiteElo "1620"]
[BlackElo "1737"]
[PlyCount "99"]
[EventDate "2004.??.??"]
[Source "ChessBase"]
[SourceDate "1996.11.15"]

1. e4 g6 2. Nf3 Bg7 3. Nc3 d6 4. Bc4 Bg4 5. h3 Bxf3 6. Qxf3 Nf6 7. e5 dxe5 8.
Qxb7 Nbd7 9. O-O O-O 10. d3 Nb6 11. Bb3 a5 12. a4 Qd7 13. Re1 Nh5 14. Be3 Rab8
15. Qa6 Ra8 16. Qb5 Qxb5 17. Nxb5 Rfc8 18. Nxc7 Rxc7 19. Bxb6 Rcc8 20. Rab1 e6
21. Re4 Rc6 22. Be3 f5 23. Rc4 Rxc4 24. Bxc4 Kf7 25. b3 Nf6 26. Re1 Nd7 27. Bb5
Ke7 28. Bg5+ Kd6 29. Bd2 Nc5 30. Bc3 Bh8 31. f3 Nb7 32. Bc4 Re8 33. Kf2 h6 34.
f4 e4 35. Bxh8 Rxh8 36. dxe4 fxe4 37. Rxe4 Nc5 38. Rd4+ Ke7 39. Ke3 Rc8 40. Bb5
Rc7 41. Rc4 Kd6 42. Kd4 Rc8 43. g3 Rc7 44. Be8 g5 45. Bh5 gxf4 46. gxf4 Rb7 47.
Rxc5 Rb8 48. Rxa5 Rf8 49. Ke4 Rg8 50. Bg4 1-0

[Event "Plzen, FSB B"]
[Site "?"]
[Date "2004.??.??"]
[Round "3.3"]
[White "Rehak, J."]
[Black "Jonas, V."]
[Result "1-0"]
[WhiteElo "1545"]
[BlackElo "1716"]
[PlyCount "77"]
[EventDate "2004.??.??"]
[Source "ChessBase"]
[SourceDate "1996.11.15"]

1. e4 e5 2. Nc3 Nf6 3. Bc4 Nc6 4. d3 Be7 5. f4 d6 6. Nf3 a6 7. O-O Bg4 8. h3
Bxf3 9. Qxf3 Nd4 10. Qf2 Qd7 11. Be3 Nc6 12. a3 O-O 13. f5 Na5 14. Ba2 b5 15.
g4 h6 16. Qd2 Kh7 17. Nd1 Nb7 18. Nf2 d5 19. g5 hxg5 20. Bxg5 dxe4 21. Bxf6
Bxf6 22. Nxe4 Qc6 23. Qg2 Qb6+ 24. Kh2 Nc5 25. Bxf7 Rxf7 26. Nxf6+ Qxf6 27.
Qxa8 e4 28. Qd5 Na4 29. dxe4 c6 30. Qd2 Nxb2 31. Qf4 Qc3 32. e5 Qxc2+ 33. Rf2
Qc3 34. Rc1 Qxa3 35. Rxc6 Nc4 36. f6 Qa1 37. Qh4+ Kg8 38. Rc8+ Rf8 39. f7# 1-0

[Event "Plzen, FSB B"]
[Site "?"]
[Date "2004.??.??"]
[Round "3.4"]
[White "Havlik, J."]
[Black "Sulista, D."]
[Result "1-0"]
[WhiteElo "1775"]
[BlackElo "1494"]
[PlyCount "121"]
[EventDate "2004.??.??"]
[Source "ChessBase"]
[SourceDate "1996.11.15"]

1. e4 e5 2. Nc3 Nc6 3. g3 Nf6 4. Bg2 g6 5. Nge2 Bg7 6. O-O O-O 7. d3 d6 8. f4
Nd7 9. f5 Nb6 10. fxg6 fxg6 11. Rxf8+ Qxf8 12. Be3 Bd7 13. Nb5 Rc8 14. c3 Qe7
15. d4 Nc4 16. Bf2 Nd8 17. Nxa7 Ra8 18. Qb3 Qf7 19. Nb5 c6 20. Na3 Nxa3 21.
bxa3 exd4 22. Bxd4 Be6 23. Qb6 Bxd4+ 24. cxd4 Bxa2 25. d5 Bc4 26. Nf4 Qd7 27.
Qb4 Bb5 28. Bh3 Qe7 29. a4 g5 30. Ne6 h5 31. Bf5 Nxe6 32. Bxe6+ Kg7 33. Ra3 Be2
34. h3 Rf8 35. Bf5 Kh6 36. dxc6 bxc6 37. a5 Bb5 38. a6 Qa7+ 39. Kg2 Rf6 40. Qb2
Kg7 41. Qf2 c5 42. Qe3 Be8 43. Qxg5+ Bg6 44. Bxg6 Rxg6 45. Qd5 Kh6 46. Qb7 Rg7
47. Qxa7 Rxa7 48. Kf3 Kg5 49. h4+ Kg6 50. g4 Kh6 51. g5+ Kg6 52. Ke3 Kf7 53.
Kd3 Ke6 54. Kc4 Ke5 55. Kb5 Kxe4 56. Kb6 Ra8 57. a7 Kf5 58. Kb7 Rg8 59. a8=Q
Rxa8 60. Rxa8 c4 61. Rd8 1-0

[Event "Plzen, FSB B"]
[Site "?"]
[Date "2004.??.??"]
[Round "3.5"]
[White "Palkova, K."]
[Black "Krlis, J."]
[Result "1-0"]
[WhiteElo "1713"]
[BlackElo "1519"]
[PlyCount "57"]
[EventDate "2004.??.??"]
[Source "ChessBase"]
[SourceDate "1996.11.15"]

1. e4 d5 2. exd5 Nf6 3. Nc3 Nxd5 4. Bc4 Nxc3 5. Qf3 e6 6. Qxc3 Qg5 7. Qf3 Be7
8. d4 Qf6 9. Qe4 Nc6 10. Nf3 h6 11. Bf4 Bd6 12. Bxd6 cxd6 13. O-O-O O-O 14. d5
exd5 15. Rxd5 Bd7 16. Bb3 Ne7 17. Rd2 Bc6 18. Qh4 g5 19. Qg4 Bxf3 20. gxf3 Rad8
21. h4 Kg7 22. hxg5 Qxg5 23. Rh5 Qg6 24. Bd5 f5 25. Qd4+ Rf6 26. Rh3 f4 27.
Qxa7 Rd7 28. Rh4 Rc7 29. Rg4 1-0

[Event "Plzen, FSB B"]
[Site "?"]
[Date "2004.??.??"]
[Round "3.6"]
[White "Zivec, J."]
[Black "Posmurny, O."]
[Result "0-1"]
[WhiteElo "1527"]
[BlackElo "1250"]
[PlyCount "78"]
[EventDate "2004.??.??"]
[Source "ChessBase"]
[SourceDate "1996.11.15"]

1. e4 e6 2. d4 d5 3. exd5 exd5 4. Bd3 Bd6 5. Qe2+ Ne7 6. Nf3 Bg4 7. h3 Bh5 8.
g4 Bg6 9. Bxg6 hxg6 10. Nc3 c6 11. Bd2 Qc7 12. O-O-O Nd7 13. Rde1 O-O-O 14. Ne5
Nxe5 15. dxe5 Bb4 16. Ne4 Bxd2+ 17. Nxd2 Rde8 18. f4 c5 19. Nf3 Nc6 20. Qb5 b6
21. Kb1 Kb7 22. Qd3 Nb4 23. Qb3 Qc6 24. Ng5 Re7 25. Qg3 Qa4 26. Qb3 Qxb3 27.
axb3 Nc6 28. h4 Rhe8 29. Nf3 b5 30. Rh2 f6 31. Rhe2 c4 32. bxc4 bxc4 33. e6 f5
34. gxf5 gxf5 35. Rg2 Rxe6 36. Rxe6 Rxe6 37. Rxg7+ Kb6 38. Ng5 Re1+ 39. Ka2
Nb4+ 0-1

[Event "Plzen, FSB B"]
[Site "?"]
[Date "2004.??.??"]
[Round "3.7"]
[White "Iwanow, A."]
[Black "Hrouza, M."]
[Result "0-1"]
[WhiteElo "1800"]
[BlackElo "1419"]
[PlyCount "70"]
[EventDate "2004.??.??"]
[Source "ChessBase"]
[SourceDate "1996.11.15"]

1. e4 e5 2. Nf3 Nc6 3. Bc4 Nf6 4. Ng5 d5 5. exd5 Na5 6. Bb5+ Bd7 7. Qe2 Bd6 8.
b4 c6 9. dxc6 Nxc6 10. a3 O-O 11. Bb2 Nd5 12. Nxh7 Nf4 13. Qf3 Kxh7 14. O-O Qg5
15. Kh1 Nd4 16. Bd3+ Nxd3 17. Qxd3+ Bf5 18. Qc3 Nxc2 19. Ra2 Rac8 20. Qf3 Be6
21. Qd3+ Kg8 22. Nc3 Nd4 23. Raa1 Bc4 24. Qe4 Bxf1 25. Rxf1 Qxd2 26. Ba1 Rxc3
27. Bxc3 Qxc3 28. Qxb7 Qxa3 29. Rb1 Rb8 30. Qd7 Rxb4 31. Rg1 Rb2 32. Qc8+ Bf8
33. Qc4 Rxf2 34. Qc7 Nf3 35. Rd1 Qb2 0-1

[Event "Plzen, FSB B"]
[Site "?"]
[Date "2004.??.??"]
[Round "3.8"]
[White "Benak, J."]
[Black "Drazsky, R."]
[Result "1-0"]
[WhiteElo "1730"]
[BlackElo "1250"]
[PlyCount "49"]
[EventDate "2004.??.??"]
[Source "ChessBase"]
[SourceDate "1996.11.15"]

1. e4 e5 2. Nf3 Nc6 3. Nc3 Nf6 4. Bb5 Nd4 5. Ba4 Bd6 6. O-O O-O 7. d3 Re8 8.
Bg5 c6 9. Nxd4 exd4 10. Ne2 Bc5 11. f4 d6 12. f5 d5 13. Ng3 dxe4 14. Bxf6 Qxf6
15. Nxe4 Qe5 16. Qf3 Bd7 17. Bb3 Bb6 18. Rae1 Bc7 19. Qh5 Be6 20. Nf6+ Qxf6 21.
fxe6 Qxf1+ 22. Rxf1 g6 23. exf7+ Kh8 24. fxe8=N Rxe8 25. Qc5 1-0

[Event "Plzen, FSB B"]
[Site "?"]
[Date "2004.??.??"]
[Round "3.9"]
[White "Uzel, J."]
[Black "Reitinger, J."]
[Result "0-1"]
[WhiteElo "1408"]
[BlackElo "1707"]
[PlyCount "60"]
[EventDate "2004.??.??"]
[Source "ChessBase"]
[SourceDate "1996.11.15"]

1. e4 c5 2. Nf3 d6 3. Bb5+ Bd7 4. Bxd7+ Qxd7 5. b3 Nc6 6. Bb2 Nf6 7. Nc3 e5 8.
O-O Be7 9. d3 O-O 10. Ne2 Nd4 11. Bxd4 cxd4 12. Ng3 Rac8 13. Rc1 Rc3 14. Re1
Rfc8 15. Nf5 Kf8 16. Qd2 Nh5 17. Ng5 Kg8 18. Re2 Qc7 19. g3 Nf6 20. f4 b5 21.
fxe5 dxe5 22. Nf3 Ne8 23. Rf2 Ba3 24. Rcf1 Rxc2 25. Qg5 Rxf2 26. Rxf2 Qc1+ 27.
Qxc1 Rxc1+ 28. Rf1 Rxf1+ 29. Kxf1 f6 30. Ne7+ Bxe7 {58 tahu} 0-1

[Event "Plzen, FSB B"]
[Site "?"]
[Date "2004.??.??"]
[Round "3.10"]
[White "Kracikova, K."]
[Black "Chlad, L."]
[Result "1-0"]
[WhiteElo "1374"]
[BlackElo "1544"]
[PlyCount "81"]
[EventDate "2004.??.??"]
[Source "ChessBase"]
[SourceDate "1996.11.15"]

1. e3 e5 2. b3 d5 3. Bb2 Nc6 4. g3 Nf6 5. Bg2 Bc5 6. Ne2 Bg4 7. f3 Bd7 8. d4
Bd6 9. c4 exd4 10. exd4 O-O 11. c5 Be7 12. a3 Re8 13. O-O a5 14. Nbc3 b6 15. f4
Bg4 16. h3 Bxe2 17. Nxe2 bxc5 18. Rc1 Ra6 19. dxc5 h6 20. Qd3 Nb8 21. Nd4 c6
22. Rfe1 Ra7 23. b4 axb4 24. axb4 Rc7 25. g4 Nh7 26. Nf5 Bf6 27. Rxe8+ Qxe8 28.
Bxf6 Nxf6 29. Qg3 Nh7 30. g5 h5 31. Re1 Qd8 32. g6 Nf8 33. gxf7+ Rxf7 34. Nh6+
Kh7 35. Nxf7 Qf6 36. Ng5+ Kg8 37. h4 Qd4+ 38. Kh1 Qxb4 39. Re8 Nbd7 40. Qd3 Nf6
41. Qf5 1-0

[Event "Plzen, FSB B"]
[Site "?"]
[Date "2004.??.??"]
[Round "3.11"]
[White "Simlova, J."]
[Black "Bauer, T."]
[Result "0-1"]
[WhiteElo "1508"]
[BlackElo "1395"]
[PlyCount "54"]
[EventDate "2004.??.??"]
[Source "ChessBase"]
[SourceDate "1996.11.15"]

1. e4 e5 2. f4 d6 3. Nf3 Bg4 4. Be2 exf4 5. O-O g6 6. d4 Bg7 7. Bxf4 f5 8. exf5
Bxf5 9. Bd3 Ne7 10. Bg5 O-O 11. Nc3 Bf6 12. Bxf6 Rxf6 13. Nh4 Nbc6 14. Nxf5
gxf5 15. d5 Ne5 16. Rf4 Nxd3 17. Qxd3 Qf8 18. Raf1 a6 19. Qh3 Rh6 20. Rh4 Rxh4
21. Qxh4 Qg7 22. Rf3 Ng6 23. Qg5 f4 24. Ne2 Re8 25. Nxf4 Qd4+ 26. Kf1 Qd1+ 27.
Kf2 Qe1# 0-1

[Event "Plzen, FSB B"]
[Site "?"]
[Date "2004.??.??"]
[Round "3.12"]
[White "Konig, M."]
[Black "Pokorny, J."]
[Result "0-1"]
[WhiteElo "1274"]
[BlackElo "1499"]
[PlyCount "44"]
[EventDate "2004.??.??"]
[Source "ChessBase"]
[SourceDate "1996.11.15"]

1. d4 Nf6 2. Nf3 g6 3. Nc3 d5 4. Bg5 Bg7 5. e3 O-O 6. Bd3 b6 7. e4 dxe4 8. Nxe4
Nbd7 9. Ne5 Bb7 10. Qe2 Nxe5 11. dxe5 Nd7 12. f4 f6 13. exf6 exf6 14. Bh4 g5
15. Bf2 Re8 16. f5 Qe7 17. O-O Bxe4 18. Rfe1 Nc5 19. Kh1 Nxd3 20. Qxd3 Bxd3 21.
Rxe7 Rxe7 22. cxd3 Rae8 0-1

[Event "Plzen, FSB B"]
[Site "?"]
[Date "2004.??.??"]
[Round "3.13"]
[White "Cisler, M."]
[Black "Balhar, J."]
[Result "1-0"]
[WhiteElo "1485"]
[BlackElo "1000"]
[PlyCount "59"]
[EventDate "2004.??.??"]
[Source "ChessBase"]
[SourceDate "1996.11.15"]

1. e4 c5 2. Nf3 d6 3. d4 cxd4 4. Nxd4 Nf6 5. Nc3 a6 6. Be2 e5 7. Nb3 Be7 8. O-O
O-O 9. Be3 Be6 10. f4 exf4 11. Bxf4 Nc6 12. Kh1 d5 13. e5 Nd7 14. Nxd5 Ndxe5
15. Nxe7+ Qxe7 16. Qe1 Rad8 17. Bxe5 Nxe5 18. Qg3 f6 19. Rad1 Bf7 20. Nd4 Bg6
21. c3 Rd6 22. h4 h6 23. Rde1 Qd7 24. Rf4 Rb6 25. Rf2 Rxb2 26. Bc4+ Nxc4 27.
Rxb2 Nxb2 28. Qxg6 Qf7 29. Qg3 Nc4 30. Nf5 1-0

[Event "Plzen, FSB B"]
[Site "?"]
[Date "2004.??.??"]
[Round "3.14"]
[White "Valek, T."]
[Black "Kuca, T."]
[Result "0-1"]
[WhiteElo "1250"]
[BlackElo "1250"]
[PlyCount "66"]
[EventDate "2004.??.??"]
[Source "ChessBase"]
[SourceDate "1996.11.15"]

1. e4 e5 2. Nf3 Nc6 3. d4 exd4 4. Bc4 Bc5 5. Ng5 Ne5 6. Nxf7 Nxf7 7. Bxf7+ Kxf7
8. Qh5+ Kf8 9. Qxc5+ Qe7 10. Qxd4 d6 11. Nc3 Qe5 12. Qxe5 dxe5 13. Nd5 c6 14.
Ne3 Be6 15. O-O Rd8 16. f4 exf4 17. Rxf4+ Ke7 18. b3 Nf6 19. Nf5+ Bxf5 20. exf5
Kf7 21. Bb2 Rd2 22. Rf2 Rhd8 23. h3 Rxf2 24. Kxf2 Rd2+ 25. Kf3 Rxc2 26. Bd4 a6
27. a4 Rd2 28. Be3 Rd3 29. Rb1 Nd5 30. Re1 Rxb3 31. Kf2 Ra3 32. Bd4 Rxa4 33.
Re4 c5 0-1

[Event "Plzen, FSB B"]
[Site "?"]
[Date "2004.??.??"]
[Round "3.15"]
[White "Simecek, J."]
[Black "Vachal, P."]
[Result "1-0"]
[WhiteElo "1100"]
[BlackElo "1100"]
[PlyCount "73"]
[EventDate "2004.??.??"]
[Source "ChessBase"]
[SourceDate "1996.11.15"]

1. e4 e5 2. Nf3 Nc6 3. d4 Nf6 4. d5 Nb4 5. a3 Na6 6. Bxa6 bxa6 7. Nc3 Bc5 8.
O-O O-O 9. Bg5 Rb8 10. b3 Rb6 11. Nxe5 Qe8 12. Bxf6 Rxf6 13. Nf3 Qe7 14. a4 c6
15. Re1 Bb4 16. Qd3 Qc5 17. Re3 Qxc3 18. Qxc3 Bxc3 19. Rxc3 cxd5 20. exd5 Bb7
21. Rc7 Bxd5 22. Rxd7 Bxf3 23. gxf3 Rxf3 24. Rxa7 Rf6 25. Rd1 g6 26. c4 Rb8 27.
Rb1 Rfb6 28. Rb2 Rxb3 29. Rxb3 Rxb3 30. Rxa6 Rb4 31. c5 Rc4 32. c6 Kf8 33. Rb6
Rxa4 34. c7 Rc4 35. Rb8+ Ke7 36. c8=Q Rxc8 37. Rxc8 {57 tahu} 1-0

[Event "Plzen, FSB B"]
[Site "?"]
[Date "2004.??.??"]
[Round "3.16"]
[White "Siml, O."]
[Black "Karbusicky, O."]
[Result "0-1"]
[WhiteElo "1100"]
[BlackElo "1258"]
[PlyCount "86"]
[EventDate "2004.??.??"]
[Source "ChessBase"]
[SourceDate "1996.11.15"]

1. e4 e5 2. Nf3 Nc6 3. Bc4 Nf6 4. Nc3 Bc5 5. O-O d6 6. h3 Be6 7. Bb3 Qd7 8. Ng5
h6 9. Bxe6 fxe6 10. Nf3 O-O-O 11. Nb5 Nxe4 12. c3 Ng3 13. d4 Nxf1 14. dxc5 dxc5
15. Qxf1 Qd1 16. Be3 Qxf1+ 17. Rxf1 g5 18. Bxc5 Rd5 19. Nxa7+ Nxa7 20. Bxa7 b6
21. Re1 Kb7 22. c4 Rc5 23. Bxb6 cxb6 24. Nxe5 Rd8 25. Nf7 Rd2 26. Rxe6 Rxc4 27.
Rxh6 Rc1+ 28. Kh2 Rxf2 29. Nxg5 Rcc2 30. Rh7+ Ka6 31. Kg3 Rxg2+ 32. Kh4 Rc4+
33. Kh5 Rc5 34. h4 Rc6 35. Rg7 Rxb2 36. Kg4 Rxa2 37. h5 Rh6 38. Rh7 Rf6 39. h6
Rh2 40. Nh3 b5 41. Rh8 b4 42. h7 Rg2+ 43. Kh4 Rh6# 0-1

[Event "Plzen, FSB B"]
[Site "?"]
[Date "2004.??.??"]
[Round "3.17"]
[White "Nebehaj, O."]
[Black "Lorenc, D."]
[Result "1-0"]
[WhiteElo "1250"]
[BlackElo "1100"]
[PlyCount "155"]
[EventDate "2004.??.??"]
[Source "ChessBase"]
[SourceDate "1996.11.15"]

1. e4 e5 2. Nf3 Nc6 3. Bb5 Nf6 4. Nc3 Bb4 5. a3 Bxc3 6. dxc3 Nxe4 7. Bxc6 bxc6
8. Qe2 d5 9. Nxe5 Qf6 10. Nd3 O-O 11. O-O Ba6 12. f3 Nc5 13. Re1 Qf5 14. Rd1
Ne6 15. Qe3 Bxd3 16. cxd3 h6 17. d4 Ng5 18. Qf4 Qxf4 19. Bxf4 Ne6 20. Bg3 Rac8
21. Rac1 c5 22. dxc5 Nxc5 23. Rxd5 Na4 24. b3 Nb6 25. Rc5 c6 26. Ra5 Ra8 27.
Bf2 Rfe8 28. Re1 Rxe1+ 29. Bxe1 Nd5 30. Rc5 Re8 31. Bf2 Rc8 32. b4 a6 33. a4
Ne7 34. c4 Kf8 35. b5 axb5 36. axb5 cxb5 37. Rxc8+ Nxc8 38. cxb5 Nd6 39. Bc5
Ke7 40. b6 Kd7 41. b7 Nxb7 42. Bd4 g6 43. g4 h5 44. gxh5 gxh5 45. Kg2 Ke6 46.
Kg3 Kf5 47. f4 Nd6 48. Be5 Ne4+ 49. Kh4 Kg6 50. h3 f5 51. Bd4 Kh6 52. Bb6 Kg6
53. Bd8 Kh7 54. Be7 Kg6 55. Bf8 Nf6 56. Kg3 Nd5 57. Kf3 h4 58. Bd6 Kf6 59. Be5+
Ke6 60. Ke2 Nf6 61. Bd4 Nd5 62. Kf3 Nf6 63. Bf2 Kd5 64. Bxh4 Ne4 65. Bg5 Ke6
66. h4 Nf6 67. Bxf6 Kxf6 68. Ke3 Kg6 69. Kd4 Kh5 70. Ke5 Kxh4 71. Kxf5 Kh5 72.
Kf6 Kh6 73. Kf7 Kh7 74. f5 Kh6 75. f6 Kg5 76. Kg7 Kf5 77. f7 Ke5 78. f8=Q 1-0

[Event "Plzen, FSB B"]
[Site "?"]
[Date "2004.??.??"]
[Round "3.18"]
[White "Chmelar, O."]
[Black "Kucera, M."]
[Result "0-1"]
[WhiteElo "1000"]
[BlackElo "1100"]
[PlyCount "78"]
[EventDate "2004.??.??"]
[Source "ChessBase"]
[SourceDate "1996.11.15"]

1. e4 e5 2. Nf3 Nc6 3. Bc4 Nf6 4. Nc3 Nxe4 5. Nxe4 d5 6. Bxd5 Qxd5 7. d3 Bf5 8.
O-O Bxe4 9. dxe4 Qxe4 10. Bg5 f6 11. Be3 Bd6 12. Qd2 O-O-O 13. a3 Bxa3 14. Qc3
Bb4 15. Qb3 a6 16. c3 Rd3 17. Qe6+ Kb8 18. cxb4 Nxb4 19. Rac1 Nd5 20. Rfd1
Rxd1+ 21. Rxd1 Nxe3 22. fxe3 Qxe3+ 23. Kf1 Qf4 24. h3 e4 25. Rd4 Qc1+ 26. Ke2
exf3+ 27. Kxf3 Qxb2 28. Rd7 Qe5 29. Qxe5 fxe5 30. Rxg7 b5 31. Re7 c5 32. Ke3 h6
33. Rxe5 c4 34. Kd2 Rd8+ 35. Kc3 Kb7 36. g4 Rd3+ 37. Kc2 Rxh3 38. Re6 a5 39.
Kb2 a4 0-1

[Event "Plzen, FSB B"]
[Site "?"]
[Date "2004.??.??"]
[Round "3.19"]
[White "Krizek, M."]
[Black "Steinhauserova, A."]
[Result "1-0"]
[WhiteElo "1100"]
[BlackElo "1100"]
[PlyCount "81"]
[EventDate "2004.??.??"]
[Source "ChessBase"]
[SourceDate "1996.11.15"]

1. e4 c5 2. Nf3 d6 3. d4 cxd4 4. Nxd4 Nf6 5. Nc3 g6 6. f4 Bg7 7. Bc4 O-O 8. O-O
Nc6 9. f5 Qb6 10. Be3 Qxb2 11. Qd2 Qb4 12. Nxc6 bxc6 13. Qd3 c5 14. Rab1 Qa5
15. Rb5 Qc7 16. Rfb1 Ba6 17. R5b3 Bxc4 18. Qxc4 Rab8 19. Nb5 Qd7 20. e5 Ne8 21.
e6 fxe6 22. fxe6 Qd8 23. Bg5 a6 24. Na7 Rxb3 25. Rxb3 Qa5 26. Rb1 Qd8 27. Bxe7
Qxe7 28. Nc8 Bd4+ 29. Kh1 Qg5 30. e7+ d5 31. exf8=Q+ Kxf8 32. Rf1+ Kg7 33. Qe2
Nf6 34. Nd6 Be5 35. Qxa6 Qh4 36. Qb7+ Kh6 37. Nf7+ Kh5 38. Nxe5 Qg5 39. Nf3 Qg4
40. h3 Qf4 41. g4+ 1-0